El gran número, fin y principio y otros poemas

Saved in:
Bibliographic Details
Main Author: Szymborska, Wislawa
Format: Book
Language:Undetermined
Published: Madrid, España Ediciones Hiperión 1998
Edition:2
Subjects:
Tags: Add Tag
No Tags, Be the first to tag this record!

MARC

LEADER 00000nam a2200000Ia 4500
008 170316s9999 xx 000 0 und d
090 |a 800-P S-2g 
100 |a Szymborska, Wislawa 
245 |a El gran número, fin y principio y otros poemas 
250 |a 2 
260 |a Madrid, España 
260 |b Ediciones Hiperión 
260 |c 1998 
300 |a 198 páginas 
650 |a LITERATURA POLACA 
650 |a OTRAS LITERATURAS 
650 |a POEMAS 
650 |a EL POETA 
999 |c 19968  |d 19968 
040 |a cru BVZT 
942 |c 15 D  |h 800-P S-2g  |2 z